000 01055nam a22003497a 4500
001 BR7905623
003 BR-BrBNA
005 20230928090056.0
007 ta
008 230509b bl.||||| |||| 00| 0 por d
040 _aBR-BrBNA
_bpor
_cBiblioteca Nacional de Agricultura
041 _a(Por)
072 _aE30; E70; E10
_b/G514
090 _ E30 BR7905623
100 1 _aBandeira, A.L.
110 1 _aSociedade Brasileira de Economistas Rurais, Sao Paulo, SP
111 1 _a17. Reuniao Anual da SOBER
_cBrasilia, DF (Brazil)
_d30 Jul 1979
245 1 _aAgricultura de exportacao, agricultura de mercado interno e instabilidade de renda [Brasil]
260 3 _aSao Paulo, SP (Brasil):
_c1979.
300 _a23 p.
500 _a3 tables; 12 ref.
650 _aDesenvolvimento agricola
650 _aComercializacao
650 _aMacroeconomia
650 _aDesenvolvimento economico
650 _aMercado nacional
650 _aExportacao
650 _aTaxa
650 _aRenda
909 _a202309
_bLucia
_c55
_dLucia Elande
942 _cBK
999 _c27721
_d27721